Agrarian structure of Bangladesh : tale from a village /

Bibliografische gegevens
Hoofdauteur: Rahman, Sadikur
Formaat: Onbekend
Taal:English
Gepubliceerd in: Dhaka : Dyu Publication, 2024.
Onderwerpen:
LEADER 01430 a2200277 4500
003 BD-DhAAL
005 20250623121724.0
008 241001t2024 bg a|||| |b|| 00| 0 eng d
020 |a 9789849903345 
040 |a BD-DhAAL  |d BD-DhAAL 
082 |a 338.1095492  |2 23 
100 |a Rahman, Sadikur.  |9 56902 
245 |a Agrarian structure of Bangladesh :  |b tale from a village /  |c Sadikur Rahman. 
246 |a বাংলাদেশের কৃষি কাঠামো [গ্রাম থেকে দেখা] 
260 |a Dhaka :  |b Dyu Publication,  |c 2024. 
300 |a 296 pages ;  |c 19 cm. 
504 |a Includes bibliographical references 
526 |a BIGD  |x Nazim Uddin Manager, Admin and logistics BIGD, BRAC University. 
541 |a Pathak Shamabesh Centre  |e 43478 
650 |a Agriculture  |z Bangladesh. 
650 |a Agriculture  |x Economic aspects  |z Bangladesh. 
650 |a Economics. 
852 |a Ayesha abed Library 
942 |c BK  |2 ddc 
999 |c 46979  |d 46979 
952 |0 0  |1 0  |2 ddc  |4 0  |6 338_109549200000000_RAH  |7 0  |9 76633  |a BIGD  |b BIGD  |d 2024-09-24  |e Pathak Shamabesh Centre  |g 600.00  |l 0  |o 338.1095492 RAH  |p 3050043478  |r 2024-09-24  |t 1  |v 600.00  |w 2024-09-24  |y BK  |x Requisitioned by Nazim Uddin Manager, Admin and logistics BIGD, BRAC University; According to the BIGD Bill and Register Book, the book has been cataloged. Here, a basket had been created under the title “Agrarian Structure in Rural Bangladesh: Tale from a Village.”